[Event "ARG-ch sf 83rd"]
[White "Amed, Stephanie"]
[Black "Pereyra, Horacio"]
[Site "Buenos Aires"]
[Round "9"]
[Result "1-0"]
[Date "2008.07.28"]
[WhiteElo "2099"]
[BlackElo "2001"]
[PlyCount "69"]
[EventDate "2008.07.21"]
[EventType "swiss"]
[EventRounds "9"]
[EventCountry "ARG"]
[SourceTitle "CBM 125 Extra"]
[Source "ChessBase"]
[SourceDate "2008.09.01"]
[SourceVersion "1"]
[SourceVersionDate "2008.09.01"]
[SourceQuality "1"]

1. e4 e6 2. d4 c5 3. Nf3 cxd4 4. Nxd4 Nc6 5. Nc3 d6 6. Be2 Nf6 7. 0-0 a6 8. a4 e5 9. Nb3 h6 10. Be3 Be6 11. Nd5 Bxd5 12. exd5 Ne7 13. c4 Nf5 14. Bd2 Be7 15. Kh1 0-0 16. f4 Nd4 17. fxe5 dxe5 18. Ba5 b6 19. Nxd4 bxa5 20. Nc6 Qc7 21. Qd2 Bb4 22. Qe3 Rae8 23. Rad1 Nd7 24. Bg4 Bc5 25. Qd2 Bb6 26. Bxd7 Qxd7 27. b4 axb4 28. Qxb4 Bc7 29. Qb7 Rb8 30. Nxb8 Rxb8 31. Qxa6 Rb2 32. d6 Qg4 33. Qa8+ Kh7 34. Qf3 Qxf3 35. gxf3 1-0

[Event "Villa Martelli 54th Aniv IRT 1st"]
[White "Crespo, Eugenio"]
[Black "Amed, Stephanie"]
[Site "Villa Martelli"]
[Round "1"]
[Result "0-1"]
[Date "2008.07.08"]
[WhiteElo "2057"]
[BlackElo "2099"]
[PlyCount "82"]
[EventDate "2008.07.08"]
[EventType "tourn"]
[EventRounds "9"]
[EventCountry "ARG"]
[SourceTitle "CBM 125 Extra"]
[Source "ChessBase"]
[SourceDate "2008.09.01"]
[SourceVersion "1"]
[SourceVersionDate "2008.09.01"]
[SourceQuality "1"]

1. e4 e6 2. d4 d5 3. exd5 exd5 4. Nf3 Nf6 5. Bd3 Bd6 6. 0-0 0-0 7. Bg5 Bg4 8. Nbd2 Nbd7 9. c3 c6 10. Qc2 Qc7 11. Rfe1 Rfe8 12. h3 Bh5 13. Re3 Bg6 14. Rae1 Rxe3 15. Rxe3 c5 16. Bxg6 hxg6 17. dxc5 Bxc5 18. Re2 a6 19. Nb3 Bd6 20. Qd3 b5 21. Nbd2 Rb8 22. Nf1 Qc4 23. Qxc4 dxc4 24. Be3 Kf8 25. Bd4 Nc5 26. Bxc5 Bxc5 27. N1d2 Rd8 28. g4 Nd5 29. Re5 Bb6 30. Ne4 Bc7 31. Nc5 Bxe5 32. Nxe5 Nc7 33. Nf3 Rd1+ 34. Kg2 Ra1 35. a4 Ra2 36. axb5 axb5 37. b3 cxb3 38. Nxb3 Nd5 39. Ne5 Nxc3 40. Nd7+ Ke7 41. Ndc5 Nd1 0-1

[Event "Pan American-ch U18 Girls 17th"]
[White "Villa, Olivia Rosalba"]
[Black "Amed, Stephanie"]
[Site "Villa Carlos Paz"]
[Round "7"]
[Result "0-1"]
[Date "2008.07.04"]
[WhiteElo "2015"]
[BlackElo "2099"]
[PlyCount "92"]
[EventDate "2008.06.30"]
[EventType "swiss"]
[EventRounds "9"]
[EventCountry "ARG"]
[SourceTitle "EXT 2022"]
[Source "ChessBase"]
[SourceDate "2021.10.06"]
[SourceVersion "1"]
[SourceVersionDate "2021.10.06"]
[SourceQuality "1"]

1. e4 e6 2. d3 d5 3. Nd2 c5 4. Ngf3 Nc6 5. g3 g6 6. Bg2 Bg7 7. 0-0 Nge7 8. c3 h6 9. Ne1 0-0 10. f4 b6 11. Qe2 Rb8 12. g4 dxe4 13. dxe4 f5 14. e5 b5 15. gxf5 gxf5 16. Ndf3 Nd5 17. Nc2 Qe7 18. Be3 Na5 19. Qf2 Nb7 20. Na3 Bd7 21. c4 bxc4 22. Nxc4 Bb5 23. Nfd2 Rbc8 24. Rfd1 Rfd8 25. Rac1 Bf8 26. Nf1 Qf7 27. Nfd2 Nb4 28. Qg3+ Kh7 29. Na3 Be2 30. Re1 Nd3 31. Ndc4 Nxc1 32. Rxc1 Bxc4 33. Nxc4 Rd7 34. Bf2 Rcd8 35. Qb3 Rc8 36. Qa4 Nd8 37. Qa6 Rcc7 38. Be1 Qg6 39. Kh1 Rg7 40. Ne3 Nc6 41. Bh4 Nd4 42. Bf6 Rg8 43. Bd8 Rd7 44. Bh4 Qh5 45. Bf2 Rdg7 46. Bg3 Ne2 0-1

[Event "Pan American-ch U18 Girls 17th"]
[White "Amed, Stephanie"]
[Black "Terao, Juliana Sayumi"]
[Site "Villa Carlos Paz"]
[Round "6"]
[Result "1/2-1/2"]
[Date "2008.07.03"]
[WhiteElo "2099"]
[BlackElo "2094"]
[PlyCount "70"]
[EventDate "2008.06.30"]
[EventType "swiss"]
[EventRounds "9"]
[EventCountry "ARG"]
[SourceTitle "EXT 2022"]
[Source "ChessBase"]
[SourceDate "2021.10.06"]
[SourceVersion "1"]
[SourceVersionDate "2021.10.06"]
[SourceQuality "1"]

1. e4 c5 2. Nf3 e6 3. d4 cxd4 4. Nxd4 a6 5. Bd3 Bc5 6. Nb3 Ba7 7. Qe2 Nc6 8. 0-0 d6 9. Be3 e5 10. c4 Nge7 11. Nc3 0-0 12. Bxa7 Rxa7 13. Nd5 Ng6 14. g3 Be6 15. Rad1 b6 16. f4 exf4 17. gxf4 Bh3 18. Rf2 Qh4 19. Re1 Nce7 20. Qe3 Nxd5 21. cxd5 f5 22. e5 dxe5 23. fxe5 f4 24. Qxb6 Qg5+ 25. Kh1 Nh4 26. Rg1 Qxe5 27. Qd4 Re7 28. Qxe5 Rxe5 29. Bxa6 f3 30. Rd1 Rfe8 31. Nd2 Bg2+ 32. Kg1 Rg5 33. d6 Bh3+ 34. Kh1 Bg2+ 35. Kg1 Bh3+ 1/2-1/2

[Event "Pan American-ch U18 Girls 17th"]
[White "Chirivi Castiblanco, Jenny Astrid"]
[Black "Amed, Stephanie"]
[Site "Villa Carlos Paz"]
[Round "5"]
[Result "1-0"]
[Date "2008.07.03"]
[WhiteElo "2168"]
[BlackElo "2099"]
[PlyCount "141"]
[EventDate "2008.06.30"]
[EventType "swiss"]
[EventRounds "9"]
[EventCountry "ARG"]
[SourceTitle "EXT 2022"]
[Source "ChessBase"]
[SourceDate "2021.10.06"]
[SourceVersion "1"]
[SourceVersionDate "2021.10.06"]
[SourceQuality "1"]

1. d4 Nf6 2. c4 g6 3. Nc3 Bg7 4. e4 d6 5. f3 0-0 6. Be3 Nbd7 7. Qd2 c5 8. Nge2 a6 9. 0-0-0 Qa5 10. Kb1 b5 11. dxc5 dxc5 12. Nd5 Nxd5 13. Qxa5 Nxe3 14. Rc1 Ne5 15. Nf4 N3xc4 16. Bxc4 Nxc4 17. Qc7 Be5 18. Qc6 Rb8 19. Nd3 Bd4 20. Nxc5 Bxb2 21. Rxc4 bxc4 22. Kc2 c3 23. Rd1 Ba3 24. Nb3 Be6 25. Qa4 Bb2 26. Nc5 Rfd8 27. Rxd8+ Rxd8 28. Nd3 Kg7 29. Qxa6 Rd6 30. Qa5 Ba1 31. Qa4 h6 32. g4 Bc8 33. e5 Rd5 34. Qa3 Rd7 35. e6 fxe6 36. Qa5 Rd5 37. Qb4 Rd6 38. Qb1 Ba6 39. Qxa1 Rxd3 40. Qe1 Kf7 41. a4 Rxf3 42. a5 Rf4 43. Qe3 g5 44. h3 Bc4 45. Qxc3 Bd5 46. Qh8 Rf2+ 47. Kc1 Rf6 48. a6 e5 49. a7 Ra6 50. Qxe5 e6 51. Qh8 Kg6 52. Qg8+ Kf6 53. Qh7 Ra1+ 54. Kb2 Ra2+ 55. Kb1 Ke5 56. Qxh6 Kf4 57. Qf6+ Kg3 58. Qxg5 Ra4 59. Qe3+ Kh4 60. g5 Kh5 61. Kc1 Ra1+ 62. Kd2 Ra2+ 63. Ke1 Ra4 64. Kf2 Kg6 65. Kg3 Kh5 66. Qe1 Ra2 67. h4 Rg2+ 68. Kh3 Rg4 69. Qd1 Bg2+ 70. Kh2 Be4 71. g6 1-0